000 00877nam a22002417a 4500
999 _c64172
_d64172
005 20240530110718.0
008 180313s2016 ua ahk g b 000 0 ara d
017 _a1891/2016
_bمصر. دار الكتب
020 _a978977319252259
040 _aEG-CaGPL
_cEG-CaGPL
082 0 4 _221
_a320.5 /
_bح ك
100 0 _aحازم العقيدى
245 1 0 _aكيفية صناعة التطرف :
_bالتنشئة السياسية ودورها /
_cحازم العقيدى
250 _aط. 1
260 _aالقاهرة :
_bالعربى للنشر و التوزيع ،
_c2016.
300 _a270 ص. :
_bايض ؛
_c24 سم.
504 _aيشتمل على ارجاعات ببليوجرافية
650 0 7 _2qrmak
_aالتطرف
650 0 7 _2qrmak
_aالعلوم السياسية
650 0 7 _2qrmak
942 _2ddc
_cBK